|
|
|
|
| LEADER |
01682cas a2200265 a 4500 |
| 001 |
AALejournalIMF012187 |
| 008 |
230101c9999 xx r poo 0 0eng d |
| 020 |
|
|
|c 15.00 USD
|
| 020 |
|
|
|z 9781557756404
|
| 022 |
|
|
|a 0251-6365
|
| 040 |
|
|
|a BD-DhAAL
|c BD-DhAAL
|
| 100 |
1 |
|
|a Cuevas, Alfredo.
|
| 245 |
1 |
0 |
|a Pension Regimes and Saving /
|c Alfredo Cuevas, George Mackenzie, Philip Gerson.
|
| 264 |
|
1 |
|a Washington, D.C. :
|b International Monetary Fund,
|c 1997.
|
| 300 |
|
|
|a 1 online resource (52 pages)
|
| 490 |
1 |
|
|a Occasional Papers
|
| 500 |
|
|
|a <strong>Off-Campus Access:</strong> No User ID or Password Required
|
| 500 |
|
|
|a <strong>On-Campus Access:</strong> No User ID or Password Required
|
| 506 |
|
|
|a Electronic access restricted to authorized BRAC University faculty, staff and students
|
| 520 |
3 |
|
|a Public pension systems around the world have been criticized in recent years for some serious flaws, including the excessive burden they impose on the public finances and their depressing impact on saving rates. This study analyzes the impact of pension systems and pension reform on saving, paying particular attention to the impact of the introduction of defined-contribution plans like that of Chile. It also surveys the literature on the impact of pension regimes on saving, discusses some recent reforms, and addresses the role of private pension plans.
|
| 538 |
|
|
|a Mode of access: Internet
|
| 700 |
1 |
|
|a Gerson, Philip.
|
| 700 |
1 |
|
|a Mackenzie, George.
|
| 830 |
|
0 |
|a Occasional Papers; Occasional Paper ;
|v No. 1997/006
|
| 856 |
4 |
0 |
|z Full text available on IMF
|u http://elibrary.imf.org/view/books/084/05188-9781557756404-en/05188-9781557756404-en-book.xml
|z IMF e-Library
|